[Event "Caissa intern 2017-2018"]
[Site "?"]
[Date "2018.02.13"]
[Round "2.5"]
[White "Witt, Rob"]
[Black "Pijlman, René"]
[Result "1-0"]
[WhiteElo "2133"]
[BlackElo "1896"]
[Annotator "Witt"]
[PlyCount "77"]
[EventDate "2018.??.??"]

{Ik speelde deze partij met een 24-uurs-bloeddrukmeter. Ik was benieuwd of
bijv. in de tijdnoodfase mijn bloeddruk zou oplopen. Dat zou ik echter pas de
volgende middag kunnen zien.} 1. d4 Nf6 2. c4 d6 3. Nf3 Nbd7 4. Nc3 e5 5. Bg5 (
{Gebruikelijker is} 5. e4) 5... c6 6. e3 Be7 7. Qc2 O-O 8. Bd3 {Ik kan me niet
herinneren wanneer ik voor het laatst tegen het Oud-Indisch gespeeld heb. Deze
opstelling herinnerde ik me vaag van een oude partij Kasparov-Larsen waar
Kasparov lang rokeerde en een partij van Hans Ree waar Ree kort rokeerde.} Qc7
$2 {Na een paar minuten een fout die een pion kost. René zei na afloop dat
hij het meteen zag toen hij zijn dame losliet. Opmerkelijk dat ik in de
database 26 partijen zie met deze fout waaronder enkele 2400+ spelers. De fout
kwam o.a. ook voor in een oude partij Ree-Langeweg.} (8... h6 9. h4 $5 {
Kasparov,G-Larsen,B Tilburg 1981 (48.½-½)} (9. Bh4 Nh5 10. Bxe7 Qxe7 11. O-O
{Ree,H-Hug,W Las Palmas 1973 (32.½-½)})) 9. Bxh7+ {Ik zat in eerste
instantie te dubben over lange of korte rokade, maar toen zag ik deze wending.}
Nxh7 10. Bxe7 Re8 11. Bh4 {Beide spelers hebben hier 12 minuten verbruikt,
maar nu dacht René ruim 20 minuten na.} Nb6 ({Hans Ree won vlot na} 11... Ndf6
12. O-O Bg4 13. dxe5 dxe5 14. Nd2 Nd7 15. f3 Bh5 16. Nde4 f6 17. Rfd1 Nhf8 18.
Rd2 b6 19. b4 a5 20. b5 Ne6 21. bxc6 Qxc6 22. Rd6 Qb7 23. Nd5 Nef8 24. Bxf6
gxf6 25. Nexf6+ {(1-0) Ree,H-Langeweg,K Beverwijk 1967}) ({Terwijl René
nadacht keek ik even naar} 11... g5 {Ik dacht dat ik rustig op g5 kon slaan
omdat na ruil op g5 mijn loper pion e3 dekt zodat ik rustig mijn paard kon
wegspelen. Dat blijkt echter totaal onduidelijk te zijn.} 12. Nxg5 $2 {
Hopelijk had ik tijdig gezien dat wit beter heeft.} ({Veel beter is} 12. Bg3 $1
g4 13. Nd2 (13. Nh4 $5) 13... exd4 14. Nce4 dxe3 15. fxe3 $16 {(33.1-0)
Kohlweyer,B-Peschel,A Porz 1994}) 12... Nxg5 13. Bxg5 exd4 14. Ne4 ({Vooral
niet} 14. Ne2 $4 Qa5+ {met stukwinst.}) 14... Rxe4 ({Ook goed is} 14... Qa5+
15. Qd2 Qe5 $44) 15. Qxe4 Qa5+ 16. Kf1 Qxg5 $44) 12. b3 Bg4 13. dxe5 dxe5 14.
Nd2 a5 15. e4 Nd7 16. f3 Be6 17. Na4 b6 18. Rc1 Nhf8 {Zwart wil dit paard naar
d4 spelen.} 19. Bf2 f6 20. Nf1 Bf7 21. Rd1 Rab8 {Gericht tegen wendingen met
Txd7.} 22. Ng3 Rec8 $2 {Niet het juiste veld voor de toren. Zwart wil b5
spelen, maar dat lukt niet na} 23. Nf5 Rd8 24. O-O $16 {Eindelijk mijn
ontwikkeling voltooid. Wit nog 40 minuten, zwart 22 minuten. Ik zag de
volgende dag dat mijn bloeddruk tot hier vrij constant rond de 124 fluctueerde.
Maar ongeveer hier schoot die naar 175 en dat bleef zo tot het eind.} Ne6 25.
Be3 {Om eventueel mijn dame naar f2 te spelen.} c5 $2 {Na lang nadenken. Op
zich niet onbegrijpelijk. Zwart wil niet afwachten en hoopt tegenkansen te
krijgen door een paard naar d4 te spelen. Maar nu kan ik zelf een paard naar
d5 omspelen.} ({Het taaiste leek me tijdens de partij} 25... Ndc5 {En het is
nog niet zo duidelijk hoe wit het beste kan voortzetten.}) 26. Ne7+ Kf8 27. Nd5
Qc6 28. Nac3 Nd4 29. Qf2 Qe6 {Wit nog 30 minuten, zwart 3 minuten.} 30. Qh4 Kg8
31. Rd2 {Ik wilde een keer f4 of g4 spelen en dat is het handig als ik snel
deze toren kan activeren.} Nf8 32. g4 {Na een paar minuten. Ik zag niet goed
welke pionzet beter was en ik wilde er niet teveel tijd aan besteden.} ({
De engine geeft de voorkeur aan} 32. f4) 32... Ng6 (32... g5 33. Qh6 {gevolgd
door h4. Dat komt ook na} Ng6 34. h4 gxh4 35. g5 $18) 33. Qg3 Qd7 {Zwart zit
nu in de incrementfase van 15 seconden per zet. Zelf dacht ik iedere zet
ongeveer een minuut na.} 34. h4 Be6 35. h5 Ne7 36. g5 Kf7 37. f4 exf4 38. Qxf4
Bxd5 39. gxf6 {En hier viel de zwarte vlag. Onder het genot van een biertje
analyseerden we een tijdje en mijn bloeddruk zakte weer naar ca. 124. Een
ongezond spelletje dat schaken. Als de slotfase echt spannend was geweest
loopt de bloeddruk misschien wel op naar 200.} 1-0

[Event "Caissa intern 2017-2018"]
[Site "?"]
[Date "2018.02.20"]
[Round "2.6"]
[White "Witt, Rob"]
[Black "Bezemer, Arno"]
[Result "1/2-1/2"]
[WhiteElo "2133"]
[BlackElo "2311"]
[Annotator "Witt"]
[PlyCount "45"]
[EventDate "2018.??.??"]

{De verleiding was groot om thuis te blijven voor Chelsea-Barcelona, maar ik
besloot toch maar naar de club te gaan om een beetje te oefenen voor België.
Ik was verrast dat ik werd ingedeeld tegen Arno.} 1. Nf3 {het leek me niet
verstandig om zijn verse kennis van de Benoni te testen. Dan liever een
Maroczy.} c5 2. c4 g6 3. e4 Bg7 4. d4 cxd4 5. Nxd4 Nc6 6. Be3 Nf6 7. Nc3 d6 8.
Be2 O-O 9. O-O Bd7 10. Qd2 ({Met wit koos Arno tegen Alje onlangs voor een
interessante aanpak met} 10. h3 Nxd4 11. Bxd4 Bc6 12. Qd3 a5 13. Rad1 Nd7 14.
Bxg7 Kxg7 15. Qd4+ Kg8 16. Bg4 {Ik geloof tenminste dat het zo ging.}) ({
Een tijdje geleden had ik besloten om de Maroczy met} 10. Nc2 {aan te pakken.
Ik besloot echter tot de klassieke zet omdat ik vorig jaar een interessante
partij van Reinderman had gezien die iets deed met Le2-d1-c2.}) 10... Nxd4 11.
Bxd4 Bc6 12. f3 a5 13. Rab1 Nd7 14. Be3 Nc5 15. Bd1 $6 {Ik heb de klok horen
luiden maar weet niet waar de klepel hangt.} ({De standaardzet is} 15. b3 e6 {
Een relatief nieuwe aanpak.} (15... Qb6 16. Rfc1 Rfc8 17. Rc2 Qd8 18. Bf1 {
heb ik in het verleden een paar keer op het bord gehad, zowel met wit als met
zwart.}) 16. Bd1 {Dit is het idee wat ik van Reinderman herinnerde.} Be5 ({
Panjwani pleit hier voor} 16... Qc7 $1) 17. Bc2 f5 18. exf5 gxf5 19. Ne2 Qe7
20. Rbd1 Rad8 21. a3 Qh4 22. f4 $14 {(46.1-0) Reinderman,D (2573)-Baglan,E 
(2305) Dieren 2017}) 15... a4 {Na 8 minuten. Hier realiseerde me dat ik op de
vorige zet eerst b3 had moeten spelen.} 16. b4 {Na 6 minuten.} axb3 17. axb3
Ra3 18. Nd5 {Na 9 minuten inclusief rookpauze om mijn zonde te overdenken.} Re8
$6 {Na 20 minuten. Stockfish 9 is niet enthousiast over deze zet.} (18... Bxd5)
19. Qc1 {Na 7 minuten. Geen slechte zet, maar zoals zo vaak was mijn eerste
gedachte beter:} (19. b4 $14 {Ik weet niet wat Arno hierop van plan was en ik
weet ook niet meer waarom ik het niet speelde.}) 19... Ra2 20. Nb4 Ra8 21. Bc2
Ne6 {Na 9 minuten.} 22. Rd1 Qa5 {Na 10 minuten. Terwijl ik nadacht zag ik Arno
geeuwen. Ik had niet zoveel zin in een lange partij en besloot een redelijke
zet te doen en remise aan te bieden.} 23. Nd5 {Arno wilde het ook niet laat
maken en accepteerde.} 1/2-1/2

[Event "Caissa intern 2017-2018"]
[Site "?"]
[Date "2018.02.27"]
[Round "2.7"]
[White "Vroombout, Enrico"]
[Black "Witt, Rob"]
[Result "1/2-1/2"]
[WhiteElo "2131"]
[BlackElo "2133"]
[Annotator "Witt"]
[PlyCount "64"]
[EventDate "2018.??.??"]

1. e4 e6 2. d4 d5 3. Nc3 {Deze stelling had ik 10 minuten eerder ook op het
bord tegen Evgeny Shklovskiy. Terwijl ik hier nadacht kregen we te horen dat
de indeling werd gewijzigd.} Nf6 4. e5 Nfd7 5. f4 c5 6. Nf3 Nc6 7. Be3 a6 8.
Qd2 b5 {Zo speelde ik een paar weken geleden voor het eerst tegen Abe
Willemsma.} 9. Bd3 $5 {A tempo een interessante zijvariant die ik helemaal
niet ken. Enrico vertelde na afloop dat hij dit had bestudeerd n.a.v. een
partij van Wei Yi.} ({Gebruikelijker is} 9. dxc5 Bxc5 {waarop Negi} 10. Bd3 Qb6
11. Bf2 {aanbeveelt.}) ({Of ook} 9. a3 Qa5) 9... b4 {Na ruim 10 minuten. Ik
voelde niet zoveel voor c4 en b4. Het leek me dat wit dan vrijspel heeft op de
koningsvleugel.} (9... Qb6 {is het alternatief.}) 10. Na4 $5 ({Ik verwachtte
eigenlijk} 10. Nd1 {wat ook vaker gespeeld wordt maar minder goed scoort dan
de tekstzet.}) 10... Qa5 $146 {Ook na ruim 10 minuten.} ({Ik ben niet op het
idee gekomen van de volgende variant die Enrico me liet zien.} 10... c4 11. Be2
c3 {Een interessante methode, maar wit scoort in 12 partijen maar liefst 90%
in de database.} 12. Qd1 cxb2 13. Nxb2 Be7 14. O-O O-O 15. Bd3 (15. Ng5 $5)
15... f5 16. g4 {Wei,Y (2675)-Potkin,V (2608) Wijk aan Zee 2015 (36.1-0)}) 11.
b3 Nxd4 (11... c4 12. Be2 c3 {leek mij goed voor wit.}) 12. Nxd4 cxd4 13. Bxd4
Nc5 14. Nxc5 Bxc5 15. Qe3 Bxd4 16. Qxd4 O-O 17. O-O Rb8 {Ik speelde dit
voornamelijk omdat ik dacht dat Enrico dameruil wel zou willen vermijden en
dan heeft zwart geen enkel probleem.} (17... Bd7) 18. Rae1 {Na 20 minuten.} ({
Enrico had diverse zetten bekeken waaronder} 18. Kf2 {met het idee dat de
koning na dameruil snel naar het mooie veld d4 kan. Zwart gaat dan echter geen
dames ruilen.}) 18... Qb6 $6 {Het eindspel blijkt toch een beetje
ongemakkelijk voor zwart.} (18... Bd7 $13) 19. Qxb6 Rxb6 20. a3 $1 {Na 7
minuten. Toch wel verrassend nadat Enrico eerst de dametoren weggespeeld heeft.
Maar het lijkt het beste plan.} a5 $2 {Na 10 minuten toch maar deze zet hoewel
ik besefte dat ik hierna in de problemen zat.} ({Ik keek wel naar} 20... bxa3
21. Ra1 {maar niet naar} a5 $1 ({alleen naar} 21... Bd7 22. Rxa3 Bb5 (22... Rc8
$1 {ook niet gezien}) 23. c4 {met voordeel voor wit.}) 22. Rxa3 Ba6 23. Bxa6
Rxa6 24. b4 a4 25. c3 Rc8) 21. axb4 axb4 22. Ra1 Bd7 23. Ra5 {Na een kwartier
deze logische zet die ik verwacht had.} Rfb8 24. Rfa1 {Hier was Enrico na
afloop niet tevreden over.} ({Zwart heeft het inderdaad moeilijker na bijv.} 
24. Kf2 Bb5 25. Rc1 h5 26. Ke3 $14) 24... h5 25. Rc5 {Enrico wil verhinderen
dat zwart langs de c-lijn aktief wordt na loperruil.} ({We hebben niet gekeken
naar de suggestie van Stockfish} 25. Be2 $5) 25... Bb5 26. Kf2 Bxd3 27. cxd3
Kh7 ({Ik heb ook} 27... Rb5 {overwogen. Als wit dekt met d4 kan de koning daar
niet meer heen en als wit Tc6 of Tc7 speelt, kan zwart de toren achtervolgen.
Met de tekstzet leek echter ook niks mis.} 28. d4) 28. Ra7 {Na 10 minuten. Wit
nog een kwartier, zwart 3 kwartier.} (28. Kf3) 28... R6b7 29. Ra6 Kg6 $1 {
Enrico dacht dat hij dat verhinderd had.} 30. Kf3 (30. Rxd5 $2 Rc8 {en het
wordt ineens een spannend eindspel waar ook zwart winstkansen heeft.}) 30...
Kf5 31. h4 {Enrico wilde niet g5 toelaten.} Re8 {Na 10 minuten.} ({In een
belangrijke partij had ik misschien een winstpoging ondernomen met} 31... f6
32. Rcc6 Re8) 32. Rcc6 Reb8 {Ik vond het wel mooi geweest en bood remise aan.}
1/2-1/2

[Event "Jean Jaures 2 - St-Amandsberg 4,5-1,5"]
[Site "?"]
[Date "2018.02.25"]
[Round "7"]
[White "Witt, Rob"]
[Black "Plomp, Micha"]
[Result "1-0"]
[WhiteElo "2133"]
[BlackElo "2139"]
[Annotator "Witt"]
[PlyCount "77"]
[EventDate "2018.??.??"]

{Ik speelde deze keer aan bord 1 van het 2e team. Het eerste speelde de
cruciale wedstrijd tegen het sterke Borgerhout en Merijn van Delft nam mijn
plaats in.} 1. d4 Nf6 2. c4 g6 3. Nc3 Bg7 4. e4 d6 5. f3 O-O 6. Be3 c5 7. Nge2
Nc6 8. d5 Ne5 9. Ng3 h5 ({Ik heb voornamelijk ervaring met} 9... e6 10. Be2
exd5 11. cxd5 h5 12. O-O {tweemaal in de interne tegen Gert-Jan vd Hoeven en
dit seizoen in de knsb tegen Gerard Rill.}) 10. Be2 h4 11. Nf1 e6 ({In het
afgelopen Eijgenbroodtoernooi had ik deze stelling voor het eerst en kreeg ik
het onbekende} 11... b5 {te bestrijden. Witt,R (2114)-Dekker,J (1819)
Eijgenbroodtoernooi 2017 (32.1-0)}) 12. Bg5 {Na een kleine 10 minuten besloot
ik te experimenteren met deze zet.} (12. f4 Nxc4 $5 13. Bxc4 b5 14. Bxb5 exd5
15. e5 {kwam voor in de beroemde partij Svidler,P (2747)-Grischuk,A (2764)
London 2013 (41.½-½)}) ({Sinds bovengenoemde partij geven witspelers de
voorkeur aan} 12. Nd2 {Hier had ik in de voorbereiding even naar gekeken, maar
ik was het vervolg al weer vergeten omdat ik daarna andere varianten tegen de
Sämisch heb bekeken.}) {Kennelijk was ook dit bij mijn tegenstander bekend
want er volgde a tempo} 12... h3 13. gxh3 {Hierna begon Micha voor het eerst
na te denken.} ({Volgens mijn tegenstander is} 13. Ne3 $5 {beter en Stockfish
geeft hem gelijk. Dat moet ik maar eens bekijken.}) 13... Qa5 {Na een
kwartiertje deze uitstekende zet.} ({Ik had voornamelijk gekeken naar} 13...
exd5 14. Nxd5 {waarna ik} Qa5+ $6 {kan beantwoorden met} 15. b4 $1) 14. Qd2
exd5 15. Nxd5 Qxd2+ 16. Nxd2 Nxd5 17. cxd5 f6 18. Be3 ({Ik keek ook naar} 18.
Bh4 {maar dat beviel me niet na} Bh6) 18... Bxh3 19. Rg1 Kh7 $2 {deze zet liet
Micha vergezeld gaan met een remiseaanbod. Kennelijk heerste er een
remisevirus in de zaal want terwijl ik nadacht kregen mijn teamgenoten Hans
Groffen en Albert Riemens ook remise aangeboden wat zij allebei aannamen.} ({
Ik was blij dat zwart niet koos voor} 19... f5 {want ik zag vooralsnog niks
beters dan} 20. Rg3 f4 21. Bxf4 Rxf4 22. Rxh3 {en de witte pluspion stelt
weinig voor.}) 20. f4 {Na 25 minuten. Ik had mijn tijd goed besteed want ik
zag vrij helder waar mijn stukken heen moesten en dat mijn h-pion naar voren
moest.} Nf7 21. O-O-O Bd7 22. Rg3 Bh6 23. Rdg1 Rg8 {Die speelde Micha na een
paar minuten met zijn rechterpink.} ({Ik had tijdens mijn lange denkpauze
vooral gekeken naar} 23... g5 {Daarop plande ik} 24. fxg5 {en het veiligste
leek mij dan} fxg5 {Ik wist nog niet precies hoe het dan verder moet, maar wit
staat in ieder geval iets beter.} ({Op} 24... Bxg5 {leek} 25. e5 $1 {mij
vrijwel dodelijk. Ik kon het niet precies uitrekenen, maar de diagonaal komt
open en in sommige varianten heb ik veld e4 voor mijn paard. Dat moet
voldoende zijn. Bijv.} Bxe3 (25... dxe5 26. Ne4) 26. Rxe3 dxe5 27. Bd3+ f5 28.
Rh3+ Nh6 29. Nf3 {en hier geloofde ik het wel. De engine bevestigt mijn
intuïtie.}) 25. b3) 24. h4 b5 {Na 8 minuten. Misschien had zwart hier iets
anders moeten verzinnen, bijv. een zet met Ta8.} 25. Bd3 f5 {Allebei nog een
half uur.} 26. h5 $1 gxh5 27. exf5 Rxg3 28. Rxg3 Rg8 29. Rh3 $1 Rg4 {Na 10
minuten.} 30. Be2 {Na een kwartier.} ({Het was moeilijk kiezen tussen de
tekstzet en het eveneens kansrijke} 30. Ne4 Kg7 (30... Bxf5 31. Ng5+) 31. Ng3)
30... Rg7 $2 {Wit nog 8 minuten, zwart 12 minuten.} ({Beter was} 30... Rg8 {
waarna ik alsnog het beste kan kiezen voor} 31. Bd3 Rg4 32. Ne4) 31. Rxh5 Rg3
32. Nf1 (32. Bf3 $5) 32... Rg8 33. Bd3 $6 ({Beter blijkt} 33. Bf3 {gevolgd
door Pf1-d2-e4}) 33... Kg7 $6 (33... Rg2) 34. Ng3 Kf6 $2 {Maar na andere
zetten staat wit ook op winst. Beiden nog 4 minuten.} 35. Ne4+ Ke7 36. Ng5 $6 (
{Meteen winnend was eerst} 36. f6+ {om Lh6 veld g7 te ontnemen.} Kf8 {en dan
pas} 37. Ng5 $18) 36... Bg7 37. Rh7 ({Stockfish is hier heel enthousiast over} 
37. b4 $1 {Maar ik heb deze hele partij niet naar de damevleugel gekeken. Het
idee is om veld d4 toegankelijk te maken voor mijn zwarte loper. Bijv.} cxb4
38. Rh7 {en nu heeft zwart niet de verdediging} Nh6 {wegens} 39. f6+ {Dat is
veel te diepzinnig voor mij.}) 37... Kf6 $2 {Zwart stort definitief in.} ({
De engine verdedigt zich nog taai met} 37... Nh6 38. Ne6 Bxe6 39. dxe6 Ng4 40.
Bd2 Nf6 41. Rh3 b4 42. Be1 $16) 38. Ne4+ Ke7 39. Rxg7 {En zwart feliciteerde
me. We wonnen deze wedstrijd met 4½-1½. Bij het eerste zag was het
bloedspannend. Met nog drie partijen te gaan stonden we een punt achter en
hoopten we op 4-4. Uiteindelijk wonnen we zelfs met 4½-3½. Met nog 4 ronden
te gaan staat Jean Jaurès 3 matchpunten voor op de nrs. 2 en 3.} 1-0

[Event "Caissa intern 2017-1018"]
[Site "?"]
[Date "2018.03.06"]
[Round "2.8"]
[White "Van der Weide, Piet"]
[Black "Witt, Rob"]
[Result "*"]
[WhiteElo "2046"]
[BlackElo "2133"]
[Annotator "Witt"]
[PlyCount "102"]
[EventDate "2018.??.??"]

{Een tijdje geleden vroeg iemand of ik het niet vervelend vond om voor de
zoveelste keer tegen Piet te spelen. Ik antwoordde toen dat ik meestal graag
tegen Piet speel, maar vanavond had ik er eigenlijk geen zin in. Piet speelt
de eerste 20 zetten in sneltreinvaart en ik in rapidtempo.} 1. d4 Nf6 2. Nf3 g6
3. Bf4 Bg7 4. h3 O-O 5. Nbd2 d6 6. e4 c5 7. c3 b6 8. Bd3 Bb7 9. O-O cxd4 10.
cxd4 d5 $2 {Na een paar minuten deze rotzet.} (10... e5) 11. e5 Ne4 $2 {
Nog een slechte. Ik had ook meteen spijt toen ik hem losliet.} (11... Ne8) 12.
Re1 Nxd2 13. Qxd2 Ba6 $6 14. Bc2 {Ik vond dit een rare zet, maar wit blijft
groot voordeel houden.} ({Na} 14. Rac1 Bxd3 15. Qxd3 {staat wit positioneel
vrijwel op winst.}) 14... Nc6 15. Bh6 Rc8 16. Rac1 Na5 17. b3 Rc6 $6 18. Bb1 (
18. e6 $1) 18... Rxc1 (18... Qd7) 19. Qxc1 Qb8 $2 (19... Bc8) 20. Qg5 $1 $18 {
Ik gaf hier geen cent meer voor mijn stelling.} Qb7 $2 {Ik had hier iets meer
dan een half uur gebruikt en Piet 7 minuten. Maar hier begon Piet voor het
eerst na te denken. Na bijna 20 minuten kwam het verrassende} 21. Bf5 $1 {
Ook na allerlei gewone zetten staat wit op winst.} Bb5 22. Qh4 f6 23. Be6+ Kh8
24. exf6 {Na 6 minuten.} (24. g4 $1) 24... exf6 25. Qf4 $6 (25. g4) 25... Rd8
$2 {Na 6 minuten. Ik was bang voor het binnendringen van de dame op d6.} (25...
Bd7) 26. Bxg7+ $6 (26. g4 $18) 26... Kxg7 27. h4 (27. Nh4 $5) 27... h5 $2 (
27... Qb8) 28. g4 Qb8 29. Qd2 $2 {Na 9 minuten deze onbegrijpelijke zet die al
het voordeel weggeeft.} ({We hadden allebei gekeken naar} 29. Ne5 $1 {Ik wist
niet wat ik daarop moest doen. Piet vond het niet zo makkelijk na} Rf8 $2 {
maar miste of zag niet de kracht van} 30. Nxg6 $18) ({Ook} 29. Qxb8 $16 {
was beter dan de tekstzet.}) 29... hxg4 30. Bxg4 Re8 31. h5 Rxe1+ 32. Qxe1 Qe8
33. hxg6 Qxe1+ 34. Nxe1 Nc6 {Wit nog 45 minuten, zwart een half uur.} 35. Be6
$6 {Met remiseaanbod. Maar ik begon nu voor het eerst zin in de partij te
krijgen.} Nxd4 36. Bxd5 Kxg6 {Die deed ik helaas a tempo.} ({Het inlassen van} 
36... Ne2+ 37. Kh2 Kxg6 $15 {was wel zo handig geweest.}) 37. f3 Kf5 {En ook
die speelde ik a tempo.} (37... Ne2+ 38. Kf2 Nc3 $15) 38. Kf2 {Nu zou het
remise moeten worden.} Ke5 39. Bb7 (39. Ba8) 39... Nf5 {Nog een aardige poging.
} 40. Nc2 (40. Be4 $11 {was makkelijker.}) 40... Nd6 {Ik zag dat Piet hier
schrok.} 41. Ba8 Bd3 42. Nb4 Kd4 43. Nc6+ Kc3 44. Nxa7 Bb1 {Het is ineens
lastig voor wit en Piet dacht nu 10 minuten na.} 45. Ke3 Bxa2 46. Bd5 b5 47.
Nc6 Nf5+ 48. Kf4 $2 {Eindelijk bezwijkt Piet.} ({Niet makkelijk te zien, maar} 
48. Ke4 Bb1+ 49. Kf4 Nd4 50. Ne7 {maakt nog remise.}) 48... Nd4 49. Ke4 {
Paardzetten verliezen ook.} Bb1+ 50. Ke3 Nxc6 51. Bxc6 b4 {En Piet gaf op. We
moeten ons allebei rot schamen voor deze partij.} *